000 00546nam a2200193Ia 4500
003 GCL
008 140319s9999 xx 000 0 eng d
040 _aGCL /
_cGCL
082 0 4 _a621.382
_bB D
100 1 _aBISSELL, C.C.
245 1 0 _aDIGITAL SIGNAL TRANSMISSION /
_cBISSELL, C.C.
700 1 _aCHAPMAN, D.A.
260 _a[S.N] :
_bCAMBRIBGE UNIVERSITY PRESS ،
_c1992
300 _a321 P
650 0 4 _aDIGITAL COMMUNICATIONS
650 0 4 _aSIGNAL PROCESSING DIGPTAL TECH
650 0 4 _aINTEGRATED SERVICES DIGITAL NET
942 _2ddc
_cBK
999 _c22505
_d22505